000 00208 a2200097 4500
001 47563
100 _aRemy
245 _aThe silent company
260 _aLondon
_bArthur barker ltd
_c
090 _c30577
_d30577
942 _aNUST-CAE
_cM
_c22866
999 _c282636
_d282636